MDQL
is popping MORE tags! Check the
thread
!
Quizzes
Events
Quiz Creation
Community
Videos
Private Events
Remove Ads
Sign In
Join for FREE
Feedback
Dark Mode
Quiz Categories
Sports
Geography
Music
Movies
Television
Just For Fun
Miscellaneous
History
Literature
Language
Science
Gaming
Entertainment
Religion
Holiday
For Kids
Quiz Lab
Recent
Popular Today
Quiz Kudos Today
Editor Picks
Curator Picks
Quizzes by...
Day
Popularity
Type
Ratings
Length
Year
Community
Subscriptions
Recent Discussions
Orange Saloon
Badges
Playlists
Quests
Create
Leaderboards
Showdown
Live 5
Trivia Bingo
Activity
Puzzle Library
Sporcle Events
Private Events
Virtual Trivia
Globe League
Become a Host
Pub Owners
SporcleCon
Opinionation
Our Games
Videos
Blog
Mobile Apps
Partnerships
Remove Ads and Go Orange
Feedback
Just For Fun
Clickable
Get the Picture
Humor
Quick Pick
Word Ladder
Missing Word
Mixed Word
Blitz
Minefield
This or That
Alphabet
Color
Typing
Sporcle
Puzzle
Word Play
Follow That Line
Logic
Just For Fun
Clickable
Get the Picture
Humor
Quick Pick
Word Ladder
Missing Word
Mixed Word
Blitz
Minefield
This or That
Alphabet
Color
Typing
Sporcle
Puzzle
Word Play
Follow That Line
Logic
Random Quiz
Search Sporcle
×
Quiz Lab
Quiz Lab
Just For Fun
Math
Select answers by clicking on text or image buttons
Select answers by clicking on text or image buttons
Clickable
Best Score? Go Orange.
Factors by Number Stats
Can you pick the Factors by the Numbers Given?
By
sportfreak642
4m
30 Questions
38 Plays
38 Plays
38 Plays
Comments
Comments
Give Quiz Kudos
Give Quiz Kudos
-
- Ratings
hide this ad
More Info
Forced Order
Answers have to be entered in order
Answers have to be entered in order
Random Order
Randomize order of answers
Randomize order of answers
Replay
Link that replays current quiz
Next Quiz
Link to next quiz in quiz playlist
You Got
0%
They Got
Avg Score
66%
Avg Friend Score
Upgrade to see
Score Distribution
Jump to the score distribution portion of the page
Score
0/30
Timer
04:00
0
Plays Today
% Correct
2 4 8 11 22 44
76.3%
2
73.7%
2 4 5 10 20 25 40 50 100 200 250 500
73.7%
3 5 9 15
71.1%
3 5
71.1%
2 3 4 5 6 10 12 15 20 25 30 50 60 75 100 150
71.1%
2 3 4 6
68.4%
3
68.4%
2 3 4 6 8 9 18 24 36
68.4%
2 4 7 14
68.4%
2 3 4 5 6 10 12 15 20 30
68.4%
2 4 8 53 106 212
68.4%
2 4 8 13 26 52
68.4%
3 7 9 21
65.8%
2 4 5 10 20 25 50
65.8%
% Correct
2 4 8
65.8%
2 3 4 6 8 12 16 24 32 48
65.8%
2 4 5 8 10 16 20 40
65.8%
2 4 8 16 32 64 128 256
65.8%
5 25
65.8%
2 4 7 8 14 28
63.2%
2 4 8 47 94 188
63.2%
2 4 23 46
63.2%
2 3 4 5 6 8 10 12 15 16 20 24 30 40 48 60 80 120
63.2%
2 3 4 6 8 12
60.5%
2 5 10 25
60.5%
2 3 4 6 8 12 16 24 32 48 64 96
60.5%
2 3 4 6 9 12 18
57.9%
2 4 8 16 32 64
57.9%
2 3 6 7 14 21
55.3%
Quiz Playlist
Details
Report
Send in Message
Add To Playlist
More Info:
NOTE: The factors do not include 1 and the number in the hint. Comment on whether you think the time is good or not.
Clickable:
Select answers by clicking on text or image buttons
Forced Order:
Answers have to be entered in order
Random Order:
Randomize order of answers
Last Updated: Feb 16, 2017
Quiz Scoreboard
CHALLENGE
Sign Up to Join the Scoreboard
Show All
Scores
Hide
Comments
May contain spoilers
Recently Published
Two Season TV Shows II
by 123Four
Television
10m
Image Sorting: Flags VI
by Barbecue
Geography
2m
Find the 'City' Movie
by crazypaving
Movies
60s
More to Explore
Quiz From the Vault
Featured Blog Post
14 Easter Pick-up Lines to Find Eggs With
hide this ad
You Might Also Like...
Tags
Math Quiz
Numbers Quiz
Divided
Division
factor
factorial
multiplication
Multiplication Table
Today's Top Quizzes in Just For Fun
Browse Just For Fun
hide this ad
Today's Top Quizzes in Math
Browse Math
Top Contributed Quizzes in Just For Fun
1
Name Just One - 10 to 1: Just For Fun
2
Missing Word: 2-Letter A-Z II
3
Avatar the Last Airbender: Logic Puzzle
4
Missing Letter Whitney Houston Songs
5
Missing Word: 'Of' Things A-Z
6
It's Magic / Witchcraft 🎩🪄🧙♀️
7
Survivor Winners Logic Puzzle
8
Eurovision 2024 Countries Logic Puzzle
9
Killer Double Trees 224 - Colour Match-Up
10
Click the Differences: Playground
Explore More
Trending Topics
Marvel
Anime
Disney
Harry Potter
NBA
Crossword
Kpop
Song
The Office
NFL
Puzzle
Pokémon
WWE
Country
Soccer
hide this ad
More By:
sportfreak642
Quiz
Plays
Rating
Category
Featured
Created
NFL Chain Game
2,041,961
3.13
Sports
Jan 3, 2013
Criteria NFL Teams
1,427,320
3.78
Sports
Oct 17, 2013
NFL Chain Game 2
318,589
2.25
Sports
Jan 4, 2013
Big 4 Teams (Redux)
186,251
3.98
Sports
Jan 13, 2013
NFL Chain Game 3
184,237
2.53
Sports
Jan 5, 2013
Go to Creator's Profile
Score Distribution
Quiz Creator Spotlight
sportfreak642
Follow
Send a Message
Quizzes Created
-
Created Quiz Play Count
-
More By This Creator
Popular Quizzes Today
1
Find the US States - No Outlines Minefield
2
Colored Red Africa Blitz
3
Find the 'City' Movie
4
5x2 Blitz: Bands
5
The Countries of the World
6
Find the Countries of Europe - No Outlines Minefield
7
Find the US States
8
US States
More Just For Fun Quizzes
Word Ladder: Mystery Animal II
Quiz Lab
Trending Quizzes
Colored Red Europe Blitz I
Colored Red Africa Blitz II
Colored Red Europe Blitz II
Colored Red Africa Blitz III
Colored Red Europe Blitz III
Recently Updated
How Do You Spell That?
pecheneg
Godzilla Movies
pecheneg
Grab Bag: 4-10 Letters
pecheneg
2024 March Madness Bracket
pecheneg
Famous TV Couples
Peacemaker
Champions League XIs: Real Madrid
pecheneg
Largest US Cities 1790-2010
pecheneg
Rides in Walt Disney World
pecheneg
Most Oscar Losses (Acting)
pecheneg
Beyoncé Albums
pecheneg
Trending Topics
Marvel
Kpop
NBA
Anime
Disney
Crossword
Harry Potter
NFL
Puzzle
Soccer
WWE
Country
Song
The Office
Pokémon
Your Account Isn't Verified!
In order to create a playlist on Sporcle, you need to verify the email address you used during registration. Go to your
Sporcle Settings
to finish the process.
Report this User
Report this user for behavior that violates our
Community Guidelines
.
Details:
Send Report
Go to the Sporcle.com Mobile Site →
Comments